[Event "TUR-chT 1st League"]
[Site "Denizli"]
[Date "2024.07.19"]
[Round "7.49"]
[White "Babayev, Talib"]
[Black "Schekachikhin, Maksim"]
[Result "0-1"]
[WhiteElo "2208"]
[BlackElo "2343"]
[PlyCount "72"]
[EventDate "2024.07.15"]
[EventType "team-swiss"]
[EventRounds "9"]
[EventCountry "TUR"]
[SourceTitle "EXT 2025"]
[Source "ChessBase"]
[SourceDate "2024.10.14"]
[SourceVersion "1"]
[SourceVersionDate "2024.10.14"]
[SourceQuality "1"]
[WhiteTeam "Ankara Demirspor"]
[BlackTeam "Karaman Saglik"]
[WhiteTeamCountry "TUR"]
[BlackTeamCountry "TUR"]

1. d4 Nf6 2. Nf3 e6 3. Bf4 c5 4. e3 Nc6 5. c3 Nh5 6. Bg5 Qb6 7. Qb3 h6 8. Bh4 g5 9. Bg3 Nxg3 10. hxg3 Bg7 11. Nbd2 d5 12. dxc5 Qxc5 13. Bd3 Bd7 14. e4 0-0-0 15. Qc2 g4 16. Nh4 Ne5 17. Be2 Kb8 18. Nb3 Qb6 19. exd5 exd5 20. 0-0 h5 21. Rad1 Bc8 22. Rd4 Nc6 23. Rf4 Be5 24. Rxf7 Bxg3 25. Ng6 Rhe8 26. Bd3 Ne5 27. Nxe5 Bxe5 28. Bf5 g3 29. Bxc8 Rxc8 30. Qd3 Rf8 31. Rf3 h4 32. Qe3 Qd6 33. Rxf8 Rxf8 34. fxg3 Re8 35. Rf7 Qg6 36. Rd7 Bxg3 0-1

[Event "TUR-chT 2nd League"]
[Site "Denizli"]
[Date "2023.07.12"]
[Round "5.141"]
[White "Babayev, Talib"]
[Black "Kartal, Koray"]
[Result "1-0"]
[WhiteElo "2204"]
[BlackElo "1962"]
[PlyCount "55"]
[EventDate "2023.07.09"]
[EventType "team-swiss"]
[EventRounds "9"]
[EventCountry "TUR"]
[SourceTitle "CBM 215 Extra"]
[Source "ChessBase"]
[SourceDate "2023.09.30"]
[SourceVersion "1"]
[SourceVersionDate "2023.09.30"]
[SourceQuality "1"]
[WhiteTeam "Afyonkarahisar Basari"]
[BlackTeam "Ortaca Belediye"]
[WhiteTeamCountry "TUR"]
[BlackTeamCountry "TUR"]

1. e4 e5 2. Bc4 Nf6 3. Nc3 Nc6 4. d3 Na5 5. Nf3 Nxc4 6. dxc4 d6 7. c5 Bg4 8. cxd6 Bxd6 9. Qd3 Qe7 10. Bg5 c6 11. h3 Bh5 12. g4 Bg6 13. 0-0-0 0-0-0 14. Nd2 Qe6 15. Qc4 Rhe8 16. f3 Rd7 17. Be3 Bb8 18. Qa4 b5 19. Qa6+ Kd8 20. Nb3 Ke7 21. Bc5+ Bd6 22. Qxc6 Red8 23. Rxd6 Rxd6 24. Nxb5 Ne8 25. Rd1 f6 26. Nxd6 Nxd6 27. Rxd6 Rxd6 28. Qc7+ 1-0

[Event "TUR-chT 2nd League"]
[Site "Denizli"]
[Date "2023.07.09"]
[Round "1.131"]
[White "Babayev, Talib"]
[Black "Unal, Osman"]
[Result "1-0"]
[WhiteElo "2204"]
[BlackElo "1817"]
[PlyCount "73"]
[EventDate "2023.07.09"]
[EventType "team-swiss"]
[EventRounds "9"]
[EventCountry "TUR"]
[SourceTitle "CBM 215 Extra"]
[Source "ChessBase"]
[SourceDate "2023.09.30"]
[SourceVersion "1"]
[SourceVersionDate "2023.09.30"]
[SourceQuality "1"]
[WhiteTeam "Afyonkarahisar Basari"]
[BlackTeam "Ordu Gul Bahcesi"]
[WhiteTeamCountry "TUR"]
[BlackTeamCountry "TUR"]

1. e4 e5 2. Nf3 Nc6 3. Bb5 Nf6 4. d3 d6 5. 0-0 Be7 6. c3 0-0 7. Nbd2 a6 8. Ba4 b5 9. Bc2 d5 10. exd5 Nxd5 11. Re1 Bd6 12. d4 exd4 13. Ne4 dxc3 14. Nfg5 h6 15. Nh7 Re8 16. Qxd5 Bxh2+ 17. Kxh2 Qxd5 18. Nef6+ gxf6 19. Rxe8+ Kg7 20. Rg8+ Kxg8 21. Nxf6+ Kg7 22. Nxd5 Nd4 23. Bd3 Bb7 24. Nxc3 Rd8 25. Be3 Ne6 26. Be4 Bc8 27. Rd1 Re8 28. Bc6 Rg8 29. b4 Kf6 30. Nd5+ Ke5 31. f4+ Kd6 32. Nf6+ Kxc6 33. Nxg8 Ng7 34. Ne7+ Kb7 35. Nxc8 Kxc8 36. g4 Ne8 37. Bd4 1-0

[Event "Nakhchivan Sunday IM 04 2nd"]
[Site "Nakhchivan"]
[Date "2022.04.14"]
[Round "6"]
[White "Babayev, Talib"]
[Black "Ilyasli, Ughur"]
[Result "1-0"]
[WhiteElo "2229"]
[BlackElo "2347"]
[PlyCount "84"]
[EventDate "2022.04.10"]
[EventType "tourn"]
[EventRounds "9"]
[EventCountry "AZE"]
[EventCategory "1"]
[SourceTitle "CBM 207 Extra"]
[Source "ChessBase"]
[SourceDate "2022.05.31"]
[SourceVersion "1"]
[SourceVersionDate "2022.05.31"]
[SourceQuality "1"]

1. d4 Nf6 2. c4 g6 3. g3 Bg7 4. Bg2 0-0 5. Nc3 d6 6. Nf3 Nbd7 7. 0-0 e5 8. e3 Nh5 9. b4 a5 10. Rb1 Nb6 11. Qe2 exd4 12. Nxd4 axb4 13. Nd5 Na4 14. Qc2 Bd7 15. Ne2 c5 16. a3 bxa3 17. Rxb7 a2 18. Qxa2 Nc3 19. Qd2 Ra2 20. Nexc3 Rxd2 21. Bxd2 Nf6 22. Ra1 Nxd5 23. Bxd5 Bc8 24. Ra8 Bxb7 25. Rxd8 Rxd8 26. Bxb7 Rb8 27. Bd5 Rb2 28. Ne4 Rc2 29. Ba5 Be5 30. Bc7 Kg7 31. Bxd6 Bb2 32. Bxc5 f5 33. Ng5 Kh6 34. h4 Kg7 35. Bd4+ Bxd4 36. exd4 h6 37. Ne6+ Kf6 38. c5 Ke7 39. c6 Kd6 40. c7 Kxd5 41. Nc5 Kxd4 42. c8Q Rxc5 1-0

[Event "Nakhchivan Sunday IM 04 2nd"]
[Site "Nakhchivan"]
[Date "2022.04.12"]
[Round "4"]
[White "Babayev, Talib"]
[Black "Suleymanli, Suleyman"]
[Result "0-1"]
[WhiteElo "2229"]
[BlackElo "2175"]
[PlyCount "160"]
[EventDate "2022.04.10"]
[EventType "tourn"]
[EventRounds "9"]
[EventCountry "AZE"]
[EventCategory "1"]
[SourceTitle "CBM 207 Extra"]
[Source "ChessBase"]
[SourceDate "2022.05.31"]
[SourceVersion "1"]
[SourceVersionDate "2022.05.31"]
[SourceQuality "1"]

1. e4 e6 2. d4 d5 3. Nc3 dxe4 4. Nxe4 Bd7 5. Nf3 Bc6 6. Bd3 Nd7 7. 0-0 Ngf6 8. Ng3 Bxf3 9. Qxf3 c6 10. Re1 Be7 11. c3 0-0 12. Bd2 Re8 13. a4 Qa5 14. b4 Qd5 15. Qxd5 Nxd5 16. a5 Red8 17. f4 g6 18. Ne4 b5 19. g3 h6 20. Kg2 f5 21. Nf2 Kf7 22. Be2 Bd6 23. Nd3 N7f6 24. Bf3 a6 25. Re2 Ra7 26. Rc1 Ne8 27. h3 Nec7 28. Rce1 h5 29. Kf2 Raa8 30. Rh1 Rac8 31. Ke1 Rh8 32. Kd1 Ke7 33. Kc2 Kd7 34. Kb3 Rce8 35. Ne5+ Bxe5 36. fxe5 Ref8 37. Bg5 Rf7 38. Rf2 Rhf8 39. Rc1 Rb8 40. Be2 Rff8 41. Bd3 Rh8 42. Rfc2 Rb7 43. Bd2 Ne7 44. Bf1 Ned5 45. Bg2 Rbb8 46. Kb2 Rbc8 47. Bf3 Ne7 48. Bg5 Ned5 49. Rg2 Rcf8 50. Rcg1 Rf7 51. Kb3 Rff8 52. Bd1 Rf7 53. Bc2 Rff8 54. Bd3 Rh7 55. Kc2 Rhh8 56. Bd2 Ne7 57. g4 hxg4 58. hxg4 f4 59. g5 Ncd5 60. Rf2 Rh4 61. Rgf1 Rg4 62. c4 bxc4 63. Bxc4 Nf5 64. Bxd5 cxd5 65. Rxf4 Rxg5 66. Kd3 Rg3+ 67. R4f3 Rg4 68. Bc3 g5 69. Rb1 Rb8 70. Rb2 Rh4 71. Rg2 g4 72. Rf4 Rh3+ 73. Kd2 Rc8 74. Bb2 Rb3 75. Ke1 g3 76. Rg4 Rxb4 77. Ba3 Rb3 78. Bc5 Rb1+ 79. Ke2 Rb2+ 80. Kf3 Rxg2 0-1

[Event "Nakhchivan Premium 2"]
[Site "Nakhchivan"]
[Date "2022.01.22"]
[Round "8"]
[White "Babayev, Talib"]
[Black "Hasanzade, Toghrul Qasim Oglu"]
[Result "0-1"]
[WhiteElo "2258"]
[BlackElo "2293"]
[PlyCount "74"]
[EventDate "2022.01.14"]
[EventType "tourn"]
[EventRounds "11"]
[EventCountry "AZE"]
[SourceTitle "CBM 206 Extra"]
[Source "ChessBase"]
[SourceDate "2022.03.31"]
[SourceVersion "1"]
[SourceVersionDate "2022.03.31"]
[SourceQuality "1"]

1. c4 Nf6 2. Nc3 d5 3. cxd5 Nxd5 4. g3 g6 5. Bg2 Nxc3 6. bxc3 Bg7 7. Nh3 0-0 8. 0-0 c5 9. Nf4 e5 10. Nd5 Be6 11. c4 Nc6 12. Rb1 Qd7 13. d3 b6 14. Qa4 Rac8 15. Bg5 f6 16. Be3 Bh3 17. f4 Bxg2 18. Kxg2 Rce8 19. Rf2 f5 20. Bd2 e4 21. Rb3 Qb7 22. Kg1 Nd4 23. Ra3 exd3 24. e3 b5 25. Qxa7 Qxa7 26. Rxa7 Ne2+ 27. Rxe2 dxe2 28. cxb5 Rf7 29. Nc7 c4 30. Kf2 c3 31. Bc1 Bd4 32. Nxe8 Bxa7 33. Nd6 Rd7 34. Nc4 Rd1 35. Kxe2 Rxc1 36. Kd3 c2 37. a3 Rb1 0-1

[Event "Nakhchivan Premium 2"]
[Site "Nakhchivan"]
[Date "2022.01.15"]
[Round "2"]
[White "Babayev, Talib"]
[Black "Mammadov, Sadig Teymur"]
[Result "1-0"]
[WhiteElo "2258"]
[BlackElo "2177"]
[PlyCount "113"]
[EventDate "2022.01.14"]
[EventType "tourn"]
[EventRounds "11"]
[EventCountry "AZE"]
[SourceTitle "CBM 206 Extra"]
[Source "ChessBase"]
[SourceDate "2022.03.31"]
[SourceVersion "1"]
[SourceVersionDate "2022.03.31"]
[SourceQuality "1"]

1. d4 Nf6 2. c4 g6 3. Nc3 Bg7 4. e4 d6 5. Be2 0-0 6. g4 c5 7. d5 e6 8. g5 Ne8 9. h4 Nc7 10. a4 Re8 11. f3 exd5 12. cxd5 b6 13. Bf4 Ba6 14. Qd2 Qd7 15. h5 Bxe2 16. Ngxe2 Nba6 17. hxg6 hxg6 18. Kf1 Nb4 19. Ng3 b5 20. Qh2 Rad8 21. axb5 Nxb5 22. Nf5 gxf5 23. Qh7+ Kf8 24. exf5 Qe7 25. f6 Bxf6 26. gxf6 Qxf6 27. Qh6+ Qxh6 28. Bxh6+ Kg8 29. Nxb5 Nxd5 30. Kf2 Re6 31. Rhg1+ Kh7 32. Bc1 Rde8 33. Rh1+ Kg7 34. Rd1 Rb8 35. Rxd5 Rxb5 36. Rxa7 Rb3 37. Rg5+ Kf8 38. Rf5 Re7 39. Ra8+ Kg7 40. Ra6 Re5 41. Rxe5 dxe5 42. Rc6 Rb5 43. Kg3 f6 44. Kg4 Kg6 45. Bg5 Rb4+ 46. f4 exf4 47. Bxf6 f3+ 48. Kxf3 Kf5 49. Bc3 Rf4+ 50. Ke3 Re4+ 51. Kd3 Rh4 52. Rxc5+ Ke6 53. b4 Kd7 54. Bd4 Kd6 55. Kc4 Rh1 56. Be5+ Ke6 57. Kb5 1-0

[Event "Nakhchivan Premium"]
[Site "Nakhchivan"]
[Date "2021.03.29"]
[Round "8"]
[White "Babayev, Talib"]
[Black "Hasanzade, Toghrul Qasim Oglu"]
[Result "1-0"]
[WhiteElo "2282"]
[BlackElo "2322"]
[PlyCount "85"]
[EventDate "2021.03.22"]
[EventType "tourn"]
[EventRounds "11"]
[EventCountry "AZE"]
[SourceTitle "CBM 202 Extra"]
[Source "ChessBase"]
[SourceDate "2021.07.31"]
[SourceVersion "1"]
[SourceVersionDate "2021.07.31"]
[SourceQuality "1"]

1. Nf3 Nf6 2. g3 d5 3. c4 g6 4. b3 Bg7 5. Bb2 c6 6. Bg2 0-0 7. 0-0 dxc4 8. bxc4 Qb6 9. Qc2 c5 10. Nc3 Bd7 11. Rab1 Bc6 12. e4 Nbd7 13. Nd5 Qd8 14. d4 Nxe4 15. Qxe4 e6 16. Ne7+ Qxe7 17. d5 Ba4 18. Bxg7 Kxg7 19. Rxb7 Qd6 20. dxe6 Bc6 21. Rxd7 Qxd7 22. Qe5+ f6 23. exd7 fxe5 24. Nxe5 Bxg2 25. Kxg2 Rf6 26. Rd1 Rd8 27. Rd5 Ra6 28. Rxc5 Kf6 29. Rc8 Ke7 30. Nc6+ Kxd7 31. Rxd8+ Kxc6 32. Rd2 Kc5 33. Rc2 Rb6 34. f4 a5 35. g4 a4 36. f5 a3 37. Rf2 gxf5 38. gxf5 Kxc4 39. f6 Rb8 40. f7 Rf8 41. Rf5 Kc3 42. Kg3 Kb2 43. Rf2+ 1-0

[Event "EU-Cup Online Gr-G"]
[Site "Tornelo INT"]
[Date "2021.03.28"]
[Round "9.2"]
[White "Mastrovasilis, Dimitrios"]
[Black "Babayev, Talib"]
[Result "1-0"]
[WhiteElo "2609"]
[BlackElo "2282"]
[PlyCount "55"]
[EventDate "2021.03.27"]
[EventType "team-tourn (rapid)"]
[EventRounds "9"]
[EventCountry "NET"]
[SourceTitle "CBM 201 Extra"]
[Source "ChessBase"]
[SourceDate "2021.05.31"]
[SourceVersion "1"]
[SourceVersionDate "2021.05.31"]
[SourceQuality "1"]
[WhiteTeam "Wroclaw Polonia"]
[BlackTeam "Nakhchivan Noah's Land"]
[WhiteTeamCountry "POL"]
[BlackTeamCountry "AZE"]

1. e4 c6 2. d4 d5 3. Nd2 dxe4 4. Nxe4 Bf5 5. Qf3 e6 6. Ne2 Nf6 7. Nxf6+ Qxf6 8. Qb3 b6 9. Ng3 Bg6 10. Be3 Bd6 11. 0-0-0 0-0 12. h4 h6 13. Bd3 Nd7 14. Ne4 Qe7 15. Nxd6 Bxd3 16. Nxf7 Be4 17. Ne5 Nxe5 18. dxe5 Bxg2 19. Rhg1 Bf3 20. Rd6 Qxh4 21. Qxe6+ Kh8 22. Qg6 Qe7 23. Bxh6 gxh6 24. Qxh6+ Qh7 25. Qe3 Rg8 26. Rxg8+ Qxg8 27. Rh6+ Kg7 28. Qg5+ 1-0

[Event "Nakhchivan Premium"]
[Site "Nakhchivan"]
[Date "2021.03.27"]
[Round "6"]
[White "Baghirov, Orkhan"]
[Black "Babayev, Talib"]
[Result "0-1"]
[WhiteElo "1473"]
[BlackElo "2282"]
[PlyCount "124"]
[EventDate "2021.03.22"]
[EventType "tourn"]
[EventRounds "11"]
[EventCountry "AZE"]
[SourceTitle "CBM 202 Extra"]
[Source "ChessBase"]
[SourceDate "2021.07.31"]
[SourceVersion "1"]
[SourceVersionDate "2021.07.31"]
[SourceQuality "1"]

1. d4 Nc6 2. Nf3 d6 3. c4 Bg4 4. e3 e5 5. Be2 g6 6. Nc3 Bg7 7. dxe5 dxe5 8. 0-0 Nge7 9. h3 Qxd1 10. Rxd1 Bd7 11. Rb1 0-0-0 12. Bd2 h6 13. Be1 f5 14. b4 b6 15. c5 Be6 16. Rdc1 e4 17. Nh2 Kb8 18. a4 Ne5 19. a5 Nd3 20. Bxd3 Rxd3 21. b5 Nd5 22. Ne2 Rd8 23. cxb6 cxb6 24. axb6 axb6 25. Nf1 Bf7 26. Rc2 g5 27. Bd2 Ne7 28. Nc1 R3d7 29. Nb3 Rd5 30. Bb4 Nc8 31. Nbd2 Rxb5 32. f3 exf3 33. gxf3 Kb7 34. Rbc1 Be5 35. Bc3 Bd6 36. Bg7 Bc5 37. Kg2 Rg8 38. Bd4 Bd6 39. e4 Ne7 40. Ne3 Be6 41. Ndc4 Bf4 42. Ra1 fxe4 43. fxe4 Nc6 44. Bf6 Rb3 45. Rb2 Rxb2+ 46. Bxb2 b5 47. Na5+ Nxa5 48. Rxa5 Bxe3 49. Rxb5+ Kc6 50. Re5 Kd7 51. Rb5 Rf8 52. Bg7 Rf2+ 53. Kg3 Rc2 54. Bxh6 Bf4+ 55. Kf3 Bc4 56. Rb7+ Kc6 57. Rg7 Be2+ 58. Kf2 Bg4+ 59. Kg1 Be3+ 60. Kf1 Bxh3+ 61. Ke1 Bg4 62. Kf1 Bf3 0-1

[Event "Nakhchivan Premium"]
[Site "Nakhchivan"]
[Date "2021.03.22"]
[Round "1"]
[White "Babayev, Talib"]
[Black "Babayeva, Nasrin"]
[Result "1-0"]
[WhiteElo "2282"]
[BlackElo "1564"]
[PlyCount "63"]
[EventDate "2021.03.22"]
[EventType "tourn"]
[EventRounds "11"]
[EventCountry "AZE"]
[SourceTitle "CBM 202 Extra"]
[Source "ChessBase"]
[SourceDate "2021.07.31"]
[SourceVersion "1"]
[SourceVersionDate "2021.07.31"]
[SourceQuality "1"]

1. e4 e6 2. d4 d5 3. Nc3 Be7 4. Bd3 Nc6 5. Nf3 Nb4 6. Be2 Nf6 7. e5 Ne4 8. a3 Nxc3 9. bxc3 Nc6 10. h4 Bd7 11. h5 h6 12. Rh3 0-0 13. Be3 f5 14. Qd2 Kh7 15. 0-0-0 Bxa3+ 16. Kb1 Be7 17. Rg1 Na5 18. g4 c6 19. gxf5 Qb6+ 20. Ka1 Nc4 21. Bxc4 dxc4 22. Rxg7+ Kxg7 23. f6+ Rxf6 24. exf6+ Kxf6 25. Bg5+ Kf7 26. Ne5+ Ke8 27. Bxe7 Kxe7 28. Qxh6 Qa5+ 29. Kb2 Qb5+ 30. Kc1 c5 31. Rf3 Be8 32. Qf8+ 1-0

[Event "TUR-chT 2nd League"]
[Site "Konya"]
[Date "2019.07.25"]
[Round "6.7"]
[White "Makaraci, Tunahan"]
[Black "Babayev, Talib"]
[Result "0-1"]
[WhiteElo "1979"]
[BlackElo "2274"]
[PlyCount "56"]
[EventDate "2019.07.22"]
[EventType "team-swiss"]
[EventRounds "9"]
[EventCountry "TUR"]
[SourceTitle "CBM 191 Extra"]
[Source "ChessBase"]
[SourceDate "2019.09.30"]
[SourceVersion "1"]
[SourceVersionDate "2019.09.30"]
[SourceQuality "1"]
[WhiteTeam "Marmara Universitesi"]
[BlackTeam "Dogukisla Genclik Spor"]
[WhiteTeamCountry "TUR"]
[BlackTeamCountry "TUR"]

1. e4 c6 2. d4 d5 3. exd5 cxd5 4. c4 Nf6 5. Nc3 Nc6 6. Bg5 Be6 7. Nf3 Qd7 8. Ne5 Nxe5 9. dxe5 d4 10. Nb5 Ne4 11. Bf4 g5 12. Bg3 a6 13. Nxd4 0-0-0 14. Nxe6 Qxe6 15. Qe2 Qb6 16. Qg4+ e6 17. Be2 Qb4+ 18. Kf1 Qxb2 19. Re1 Rd4 20. Qh5 Bb4 21. f4 Nd2+ 22. Kg1 Rxf4 23. h3 Ne4 24. Bxf4 Bxe1 25. Kh2 Bf2 26. Qf3 gxf4 27. Qxe4 Bg3+ 28. Kg1 Qb6+ 0-1

[Event "TUR-chT 2nd League"]
[Site "Konya"]
[Date "2019.07.23"]
[Round "3.2"]
[White "Babayev, Talib"]
[Black "Ozsakallioglu, Okan"]
[Result "1/2-1/2"]
[WhiteElo "2274"]
[BlackElo "2243"]
[PlyCount "98"]
[EventDate "2019.07.22"]
[EventType "team-swiss"]
[EventRounds "9"]
[EventCountry "TUR"]
[SourceTitle "CBM 191 Extra"]
[Source "ChessBase"]
[SourceDate "2019.09.30"]
[SourceVersion "1"]
[SourceVersionDate "2019.09.30"]
[SourceQuality "1"]
[WhiteTeam "Dogukisla Genclik Spor"]
[BlackTeam "Koroglu Dernegi"]
[WhiteTeamCountry "TUR"]
[BlackTeamCountry "TUR"]

1. e4 c5 2. Nf3 d6 3. d4 cxd4 4. Nxd4 Nf6 5. Nc3 g6 6. Be3 Bg7 7. Be2 0-0 8. Qd2 Nc6 9. 0-0-0 Ng4 10. Bxg4 Bxg4 11. f3 Bd7 12. h4 Ne5 13. b3 b5 14. Kb1 a5 15. Bh6 Bxh6 16. Qxh6 f6 17. Ncxb5 a4 18. Nc3 Qa5 19. Qd2 Rfb8 20. Nd5 Qd8 21. Ne3 Ra7 22. b4 a3 23. c3 Rc7 24. Rc1 Rbc8 25. f4 Nc4 26. Nxc4 Rxc4 27. h5 Qc7 28. hxg6 hxg6 29. f5 Rxc3 30. fxg6 Rxc1+ 31. Qxc1 Qxc1+ 32. Rxc1 Rb8 33. Rc4 e5 34. Nc2 Be8 35. Nxa3 Bxg6 36. Kb2 Bf7 37. Kb3 Ra8 38. Nb5 Rxa2 39. Nxd6 Bxc4+ 40. Kxc4 Kf8 41. Kd5 Ke7 42. Nc8+ Kd8 43. Nb6 Rd2+ 44. Ke6 Rd4 45. Kf5 Rd2 46. Nd5 Rf2+ 47. Ke6 Rxg2 48. Kxf6 Kd7 49. Kxe5 Rb2 1/2-1/2

[Event "Ankara Baskent Univ op 4th"]
[Site "Ankara"]
[Date "2019.06.19"]
[Round "4"]
[White "Buker, Muhittin"]
[Black "Babayev, Talib"]
[Result "0-1"]
[WhiteElo "1991"]
[BlackElo "2290"]
[PlyCount "86"]
[EventDate "2019.06.17"]
[EventType "swiss"]
[EventRounds "9"]
[EventCountry "TUR"]
[SourceTitle "CBM 191 Extra"]
[Source "ChessBase"]
[SourceDate "2019.09.30"]
[SourceVersion "1"]
[SourceVersionDate "2019.09.30"]
[SourceQuality "1"]

1. d4 Nf6 2. c4 g6 3. Nc3 Bg7 4. e4 d6 5. Nf3 0-0 6. Be2 e5 7. 0-0 Nc6 8. d5 Ne7 9. Ne1 Nd7 10. Nd3 f5 11. Bd2 Kh8 12. a4 a5 13. f3 f4 14. Nb5 g5 15. b4 Ng6 16. c5 Nf6 17. cxd6 cxd6 18. Nf2 Rf7 19. Qc2 Bf8 20. Rfc1 Ne8 21. bxa5 h5 22. h3 Rg7 23. Ra3 Nh4 24. Rc3 Bd7 25. Qd1 Qxa5 26. Ra3 Qd8 27. Bb4 g4 28. hxg4 Qg5 29. a5 hxg4 30. fxg4 f3 31. gxf3 Qf4 32. Nh1 Rh7 33. Rc2 Ng2 34. Nf2 Qg3 35. Kf1 Rh2 36. Bc4 Nf4 37. Nc3 Rc8 38. Bd3 Bh6 39. a6 bxa6 40. Bxa6 Qg2+ 41. Ke1 Qg1+ 42. Bf1 Ng2+ 43. Ke2 Ne3 0-1

[Event "Nakhchivan op"]
[Site "Nakhchivan"]
[Date "2019.05.01"]
[Round "1"]
[White "Gareyev, Timur"]
[Black "Babayev, Talib"]
[Result "1-0"]
[WhiteElo "2570"]
[BlackElo "2329"]
[PlyCount "51"]
[EventDate "2019.05.01"]
[EventType "swiss"]
[EventRounds "9"]
[EventCountry "AZE"]
[SourceTitle "CBM 190 Extra"]
[Source "ChessBase"]
[SourceDate "2019.07.15"]
[SourceVersion "1"]
[SourceVersionDate "2019.07.15"]
[SourceQuality "1"]

1. d4 Nf6 2. c4 g6 3. Nc3 Bg7 4. e4 d6 5. Be2 0-0 6. Bg5 Na6 7. Qd2 e5 8. d5 Nc5 9. f3 c6 10. b4 Na6 11. Rb1 cxd5 12. cxd5 Bd7 13. Bd3 h6 14. Bxh6 Nxe4 15. Nxe4 Qh4+ 16. g3 Qxh6 17. Nf6+ Kh8 18. Qxh6+ Bxh6 19. Nxd7 Rfc8 20. Nf6 Rc3 21. Bxa6 bxa6 22. Ne4 Re3+ 23. Kf2 Rc8 24. Ne2 Rc2 25. Rhe1 Rxa2 26. Nxd6 1-0

[Event "Mersin op 2nd"]
[Site "Mersin"]
[Date "2017.10.24"]
[Round "4"]
[White "Dogan, Nazmi Can"]
[Black "Babayev, Talib"]
[Result "1-0"]
[WhiteElo "2231"]
[BlackElo "2325"]
[PlyCount "121"]
[EventDate "2017.10.22"]
[EventType "swiss"]
[EventRounds "9"]
[EventCountry "TUR"]
[SourceTitle "CBM 181 Extra"]
[Source "ChessBase"]
[SourceDate "2017.12.12"]
[SourceVersion "1"]
[SourceVersionDate "2017.12.12"]
[SourceQuality "1"]

1. e4 c6 2. d4 d5 3. Nd2 g6 4. Ngf3 Bg7 5. c3 Nh6 6. Bd3 0-0 7. 0-0 f6 8. Re1 Nf7 9. h4 Bg4 10. Qb3 b6 11. Nh2 Bc8 12. h5 g5 13. Qc2 Ba6 14. Ndf1 Nd6 15. Bxa6 Nxa6 16. exd5 cxd5 17. Qe2 Qc8 18. Qxe7 Re8 19. Qxd6 Rxe1 20. Qxd5+ Kh8 21. Nf3 Nc7 22. Qf7 Qe6 23. Qxc7 Rd1 24. b3 Qe2 25. N3h2 Qe1 26. Bxg5 fxg5 27. Rxd1 Qxd1 28. h6 Bxd4 29. cxd4 Qxd4 30. Qc6 Rf8 31. Nf3 Qf6 32. Qxf6+ Rxf6 33. Nxg5 Kg8 34. a4 Rxh6 35. Nd2 Rc6 36. Kf1 Rc1+ 37. Ke2 Kg7 38. Nge4 Kg6 39. g4 h5 40. gxh5+ Kxh5 41. Kd3 Kg4 42. Nc3 Kf5 43. Nb5 a6 44. Nc3 Rh1 45. Nd5 Rh6 46. Nb4 Rd6+ 47. Kc3 b5 48. a5 Ke5 49. Nd3+ Kd5 50. b4 Rf6 51. Nb3 Rc6+ 52. Kd2 Rf6 53. Ke3 Re6+ 54. Kf4 Rf6+ 55. Kg5 Rf3 56. Nbc5 Kd4 57. Kg4 Rf6 58. f4 Rg6+ 59. Kf5 Rg1 60. Ke6 Rg6+ 61. Kf7 1-0

[Event "Mersin op 2nd"]
[Site "Mersin"]
[Date "2017.10.22"]
[Round "1"]
[White "Babayev, Talib"]
[Black "Gokcek, Kursat Bugra"]
[Result "1-0"]
[WhiteElo "2325"]
[BlackElo "1957"]
[PlyCount "81"]
[EventDate "2017.10.22"]
[EventType "swiss"]
[EventRounds "9"]
[EventCountry "TUR"]
[SourceTitle "CBM 181 Extra"]
[Source "ChessBase"]
[SourceDate "2017.12.12"]
[SourceVersion "1"]
[SourceVersionDate "2017.12.12"]
[SourceQuality "1"]

1. e4 c5 2. Nf3 e6 3. d4 cxd4 4. Nxd4 Nf6 5. Nc3 Nc6 6. Ndb5 Bb4 7. a3 Bxc3+ 8. Nxc3 d5 9. exd5 exd5 10. Bd3 0-0 11. 0-0 d4 12. Ne2 Bg4 13. Bg5 Qd6 14. Qd2 Bxe2 15. Bf4 Qd5 16. Bxe2 Rad8 17. Rfe1 Rfe8 18. Bf3 Qf5 19. Bc7 Rc8 20. Rxe8+ Nxe8 21. Bg3 Rd8 22. Qd3 Qc5 23. b4 Qc3 24. Rd1 a6 25. Qxc3 dxc3 26. Rxd8 Nxd8 27. Be5 Nc6 28. Bxc3 Kf8 29. a4 Nc7 30. Bd2 Ke7 31. c4 Ne5 32. Be2 Ne6 33. Bc3 Nc6 34. Bf3 Ned4 35. Bxd4 Nxd4 36. Bxb7 Nc2 37. b5 axb5 38. cxb5 Nd4 39. Be4 h6 40. b6 Kd6 41. a5 1-0

[Event "Cubuk op 3rd"]
[Site "Cubuk"]
[Date "2017.08.24"]
[Round "9"]
[White "Babayev, Talib"]
[Black "Sevdimaliyev, Urfan"]
[Result "1/2-1/2"]
[WhiteElo "2301"]
[BlackElo "2391"]
[PlyCount "21"]
[EventDate "2017.08.19"]
[EventType "swiss"]
[EventRounds "9"]
[EventCountry "TUR"]
[SourceTitle "CBM 180 Extra"]
[Source "ChessBase"]
[SourceDate "2017.10.06"]
[SourceVersion "1"]
[SourceVersionDate "2017.10.06"]
[SourceQuality "1"]

1. c4 Nf6 2. Nc3 d5 3. e3 e6 4. b3 Be7 5. Bb2 0-0 6. Nf3 c5 7. d4 cxd4 8. Nxd4 Nc6 9. Nxc6 bxc6 10. Be2 e5 11. cxd5 1/2-1/2

[Event "Cubuk op 3rd"]
[Site "Cubuk"]
[Date "2017.08.22"]
[Round "6"]
[White "Babayev, Talib"]
[Black "Gadimbayli, Abdulla Azar"]
[Result "1/2-1/2"]
[WhiteElo "2301"]
[BlackElo "2412"]
[PlyCount "96"]
[EventDate "2017.08.19"]
[EventType "swiss"]
[EventRounds "9"]
[EventCountry "TUR"]
[SourceTitle "CBM 180 Extra"]
[Source "ChessBase"]
[SourceDate "2017.10.06"]
[SourceVersion "1"]
[SourceVersionDate "2017.10.06"]
[SourceQuality "1"]

1. e4 e5 2. Nf3 Nf6 3. Nxe5 d6 4. Nf3 Nxe4 5. Nc3 Nxc3 6. dxc3 Be7 7. Be3 0-0 8. Qd2 b6 9. Qd5 c6 10. Qh5 Nd7 11. Bd3 Nf6 12. Qh4 d5 13. Nd4 Bd7 14. Nf5 Bxf5 15. Bxf5 g6 16. Bd3 Ne4 17. Qh6 Bg5 18. Bxg5 Qxg5 19. Qxg5 Nxg5 20. f3 Ne6 21. Kf2 Nc5 22. Be2 Rad8 23. Rhd1 Rfe8 24. a4 Re7 25. a5 b5 26. g3 Kf8 27. h4 f5 28. b3 Kg7 29. Rd2 Red7 30. Rad1 Kf6 31. Bf1 h6 32. Re1 Re7 33. Rxe7 Kxe7 34. Ke3 Nb7 35. b4 Re8 36. Bd3 Nd8 37. g4 Kf6+ 38. Kf4 g5+ 39. hxg5+ hxg5+ 40. Kg3 f4+ 41. Kf2 Nf7 42. Bf5 Re3 43. Rd3 Re7 44. Rd1 Re3 45. Rd3 Re7 46. Rd2 Re3 47. Re2 Rxe2+ 48. Kxe2 Ne5 1/2-1/2

[Event "Cubuk op 3rd"]
[Site "Cubuk"]
[Date "2017.08.21"]
[Round "4"]
[White "Babayev, Talib"]
[Black "Guseynov, Alihan"]
[Result "1-0"]
[WhiteElo "2301"]
[BlackElo "2399"]
[PlyCount "81"]
[EventDate "2017.08.19"]
[EventType "swiss"]
[EventRounds "9"]
[EventCountry "TUR"]
[SourceTitle "CBM 180 Extra"]
[Source "ChessBase"]
[SourceDate "2017.10.06"]
[SourceVersion "1"]
[SourceVersionDate "2017.10.06"]
[SourceQuality "1"]

1. e4 c5 2. Nf3 Nc6 3. d4 cxd4 4. Nxd4 Nf6 5. Nc3 d6 6. Bc4 Qb6 7. Nb3 e6 8. 0-0 a6 9. Be3 Qc7 10. f4 Be7 11. Bd3 b5 12. Qf3 Bb7 13. Qh3 h5 14. Kh1 Nb4 15. Rac1 Rc8 16. a3 Nxd3 17. cxd3 Qd7 18. Nd4 g6 19. Nf3 Ng4 20. Bd4 e5 21. fxe5 dxe5 22. Bxe5 Nxe5 23. Nxe5 Qxh3 24. gxh3 0-0 25. Nd7 Rfe8 26. Nb6 Rcd8 27. Ncd5 f5 28. Rc7 Bxd5 29. Nxd5 Bh4 30. Nf4 fxe4 31. Nxg6 Rc8 32. Rxc8 Rxc8 33. Nxh4 exd3 34. Rd1 Rc2 35. Rxd3 Rxb2 36. Nf5 a5 37. Nd4 b4 38. Nc6 b3 39. Nxa5 Rb1+ 40. Kg2 b2 41. Rb3 1-0